Statystyki dla Państwa według ich sąsiadów

Kliknij tutaj aby rozwiązać quiz!

Ogólne statystyki

  • Ten quiz został rozwiązany 30 razy
  • Średni wynik to 13 z 15

Statystyki odpowiedzi

SąsiedziPaństwo% Poprawnych
Norwegia, Rosja, SzwecjaFinlandia
100%
Dania, Stany ZjednoczoneKanada
100%
Litwa, Łotwa, Polska, Rosja, UkrainaBiałoruś
96%
Izrael, Libia, SudanEgipt
92%
Iran, Jordania, Kuwejt, Syria, TurcjaIrak
92%
FrancjaMonako
92%
Austria, Chorwacja, Węgry, WłochySłowenia
92%
Argentyna, Boliwia, PeruChile
88%
Chiny, Kazachstan, Tadżykistan, UzbekistanKirgistan
85%
Chiny, Kambodża, Mjanma, Tajlandia, WietnamLaos
85%
Gwatemala, HondurasSalwador
81%
Mozambik, Republika Południowej AfrykiEswatini
77%
Gwinea, SenegalGwinea Bissau
69%
Gwinea, Sierra Leone, Wybrzeże Kości SłoniowejLiberia
65%
Mozambik, Tanzania, ZambiaMalawi
58%

Rozkład punktacji

Percentyl według liczby udzielonych odpowiedzi

Procent ludzi z każdym wynikiem

Twoja historia wyników

Nie rozwiązałeś tego quizu